Statistics for Countries that Speak Arabic

Click here to take the quiz!

General Stats

  • This quiz has been taken 328 times
  • The average score is 22 of 24

Answer Stats

ContinentAnswer% Correct
AfricaEgypt
99%
AfricaAlgeria
98%
AsiaSaudi Arabia
98%
AsiaYemen
98%
AfricaMorocco
97%
AsiaOman
97%
AsiaIraq
96%
AfricaLibya
96%
AsiaQatar
96%
AfricaSudan
96%
AfricaTunisia
96%
AsiaKuwait
95%
AsiaJordan
94%
AsiaUnited Arab Emirates
94%
AfricaSomalia
93%
AsiaBahrain
91%
AsiaLebanon
91%
AsiaSyria
91%
AfricaChad
89%
AfricaMauritania
89%
AfricaDjibouti
86%
AfricaEritrea
85%
AfricaComoros
62%
AfricaTanzania
48%

Score Distribution

Percentile by Number Answered

Percent of People with Each Score

Your Score History

You have not taken this quiz